[Event "Alassio West End op 2nd"]
[Site "Alassio"]
[Date "2016.10.02"]
[Round "4"]
[White "Pino, Gianfranco"]
[Black "Benenati, Gianfranco"]
[Result "0-1"]
[WhiteElo "1853"]
[BlackElo "1810"]
[PlyCount "176"]
[EventDate "2016.09.30"]
[EventType "swiss"]
[EventRounds "5"]
[EventCountry "ITA"]
[SourceTitle "EXT 2018"]
[Source "ChessBase"]
[SourceDate "2017.10.13"]
[SourceVersion "1"]
[SourceVersionDate "2017.10.13"]
[SourceQuality "1"]

1. d4 Nf6 2. c4 e6 3. g3 d5 4. Bg2 c6 5. Nf3 Be7 6. 0-0 0-0 7. b3 Nbd7 8. Bb2 Ne4 9. Nbd2 Ndf6 10. Qc2 b6 11. Rfd1 Bb7 12. Ne5 Nxd2 13. Rxd2 Rc8 14. Rad1 Nd7 15. Nxd7 Qxd7 16. e4 Bb4 17. Re2 Rfe8 18. e5 Bf8 19. Qd3 Red8 20. Bc1 Be7 21. Be3 Qe8 22. Qb1 Ba6 23. Rc2 f5 24. cxd5 cxd5 25. Bf1 Bxf1 26. Rxc8 Rxc8 27. Rxf1 Ba3 28. Bc1 Qe7 29. Kg2 Bb4 30. Bb2 h6 31. Rc1 Rf8 32. Qc2 f4 33. Qc7 f3+ 34. Kf1 Qg5 35. a3 Be7 36. Rc2 Bd8 37. Qc6 Qf5 38. Bc1 Kh7 39. Be3 Qd3+ 40. Ke1 Qxb3 41. Qc3 Qb1+ 42. Rc1 Qb5 43. Rc2 Qe8 44. h4 a5 45. Qc6 Qg6 46. Kd2 Qf5 47. Qc3 Be7 48. Rb2 Bd8 49. Qd3 Qxd3+ 50. Kxd3 Kg6 51. Rc2 Kf5 52. a4 g5 53. hxg5 hxg5 54. Rc6 g4 55. Rd6 Re8 56. Bf4 Kg6 57. Rc6 Kf7 58. Be3 Rg8 59. Bf4 Ke7 60. Bc1 Kf7 61. Bf4 Re8 62. Be3 Re7 63. Rc8 Rd7 64. Bf4 Kg6 65. Rc6 Kf5 66. Be3 Rb7 67. Rc8 Be7 68. Ra8 Bb4 69. Rg8 Be7 70. Re8 Kg6 71. Rg8+ Kf7 72. Ra8 Bb4 73. Rh8 Kg7 74. Re8 Rc7 75. Bd2 Bxd2 76. Kxd2 Rc4 77. Rxe6 Rxd4+ 78. Kc3 Rxa4 79. Rxb6 Ra2 80. Rb5 Rxf2 81. Rxa5 Rg2 82. Kd3 Rxg3 83. Ke3 Rg2 84. Ra1 Re2+ 85. Kf4 f2 86. Rf1 d4 87. Kxg4 d3 88. Kf3 Rxe5 0-1